01060nam a2200193Ia 4500001001000000003001000010008004100020040002500061041001300086100002300099245006600122250001100188260005900199300002700258500021900285501011400504520021900618650002900837L232-6601IT-CnALBA170116s9999||||xx |||||||||||||| ||und|| aIT-CnALBAcIT-CnALBA aITALIANO aGOSSELIN G. B. SJ. 0aLA PREGHIERA DI CRISTO: MEDITAZIONI SUL PATER, AVE E GLORIA.  a1a ed. a TORINO - ROMAbMARIETTI EDITORE c1947 [1° Ed.:1947] a190 p. (prefazione: 5) aMEDITAZIONI SU GESÙ. EFFICACIA DELLA PREGHIERA. FIDUCIA. VALORE APOLOGETICO DEL PADRE NOSTRO. PREGHIERA DI CRISTO E DEL CRISTIANO. COMMENTO ALL'AVE MARIA E AL GLORIA PATRI. LE SINGOLE RICHIESTE DEL PADRE NOSTRO.  aSocietà San Paolo EM - Piazza San Paolo, 14 - 12051 ALBA (CN) (non commercial uses only) ® Copyright 2017 aMEDITAZIONI SU GESÙ. EFFICACIA DELLA PREGHIERA. FIDUCIA. VALORE APOLOGETICO DEL PADRE NOSTRO. PREGHIERA DI CRISTO E DEL CRISTIANO. COMMENTO ALL'AVE MARIA E AL GLORIA PATRI. LE SINGOLE RICHIESTE DEL PADRE NOSTRO.  aVITA E MISTERO DI CRISTO